Normal view
MARC view
Entry Personal Name
001 - CONTROL NUMBER
- control field: 52239
003 - CONTROL NUMBER IDENTIFIER
- control field: OSt
005 - DATE AND TIME OF LATEST TRANSACTION
- control field: 20160413153658.0
008 - FIXED-LENGTH DATA ELEMENTS
- fixed length control field: 160413|| aca||aabn | a|a d
040 ## - CATALOGING SOURCE
- Original cataloging agency: OSt
- Transcribing agency: OSt
100 ## - HEADING--PERSONAL NAME
- Personal name: अचला शर्मा
670 ## - SOURCE DATA FOUND
- Source citation: Work cat.: (OSt)21460: अचला शर्मा, मध्यान्तर , 1993









